000
00474nam a2200181Ia 4500
008
090124s9999 xx 000 0 und d
082
_b
20881
100
_a
आचार्य नयना
245
_a
तलफ
250
_a
1
260
_b
परिमल प्रकाशन
_c
1982
300
_a
166
600
_a
आचार्य नयना
630
_a
तलफ
700
_a
आचार्य नयना
730
_a
तलफ
942
_c
BOOK
999
_c
91014
_d
91014